| 000 | 03255nam a22005895i 4500 | ||
|---|---|---|---|
| 001 | 978-3-031-76926-9 | ||
| 003 | DE-He213 | ||
| 005 | 20241202150323.0 | ||
| 007 | cr nn 008mamaa | ||
| 008 | 241110s2025 sz | s |||| 0|eng d | ||
| 020 |
_a9783031769269 _9978-3-031-76926-9 |
||
| 024 | 7 |
_a10.1007/978-3-031-76926-9 _2doi |
|
| 050 | 4 | _aHD45 | |
| 072 | 7 |
_aKJD _2bicssc |
|
| 072 | 7 |
_aBUS041000 _2bisacsh |
|
| 072 | 7 |
_aKJD _2thema |
|
| 082 | 0 | 4 |
_a658.4062 _223 |
| 082 | 0 | 4 |
_a658.514 _223 |
| 100 | 1 |
_aParrilli, Davide M. _eauthor. _0(orcid)0000-0002-9498-7496 _1https://orcid.org/0000-0002-9498-7496 _4aut _4http://id.loc.gov/vocabulary/relators/aut _917869 |
|
| 245 | 1 | 0 |
_aInformational Privacy for Service Design _h[electronic resource] : _bAn Ethical Framework for Designing Privacy-Oriented Services / _cby Davide M. Parrilli. |
| 250 | _a1st ed. 2025. | ||
| 264 | 1 |
_aCham : _bSpringer Nature Switzerland : _bImprint: Springer, _c2025. |
|
| 300 |
_aX, 127 p. 5 illus., 2 illus. in color. _bonline resource. |
||
| 336 |
_atext _btxt _2rdacontent |
||
| 337 |
_acomputer _bc _2rdamedia |
||
| 338 |
_aonline resource _bcr _2rdacarrier |
||
| 347 |
_atext file _bPDF _2rda |
||
| 490 | 1 |
_aSpringer Series in Design and Innovation, _x2661-8192 ; _v52 |
|
| 505 | 0 | _aIntroduction -- Designing for Interactions An Approach to Service Design -- Informational Privacy for Service Design -- An Ethical Approach to Privacy for Service Design -- Defining a Privacy Ethical Framework for Service Design -- Conclusions. | |
| 506 | 0 | _aOpen Access | |
| 520 | _aThis open access book equips designers with a deeper understanding of informational privacy, emphasizing why and how designers should design services that respect and enhance people’s privacy. The solution to these issues is more important and challenging in our globalized service and design landscape. In their quest to understand the rationale for privacy in service design, authors embarked on an extensive journey through various disciplines and practices. Ultimately, author grounded their findings in ethics and philosophy from a designerly (thus pragmatic) and multicultural perspective. The next challenge has been to translate these ethical and philosophical principles into practical guidelines for designers: an easy to implement and global privacy ethical framework for service designers. | ||
| 650 | 0 | _aTechnological innovations. | |
| 650 | 0 |
_aData protection _xLaw and legislation. |
|
| 650 | 0 | _aIndustrial design. | |
| 650 | 0 |
_aInformation technology _xMoral and ethical aspects. _914754 |
|
| 650 | 1 | 4 | _aInnovation and Technology Management. |
| 650 | 2 | 4 | _aPrivacy. |
| 650 | 2 | 4 | _aIndustrial Design. |
| 650 | 2 | 4 |
_aInformation Ethics. _914755 |
| 710 | 2 | _aSpringerLink (Online service) | |
| 773 | 0 | _tSpringer Nature eBook | |
| 776 | 0 | 8 |
_iPrinted edition: _z9783031769252 |
| 776 | 0 | 8 |
_iPrinted edition: _z9783031769276 |
| 776 | 0 | 8 |
_iPrinted edition: _z9783031769283 |
| 830 | 0 |
_aSpringer Series in Design and Innovation, _x2661-8192 ; _v52 |
|
| 856 | 4 | 0 | _uhttps://doi.org/10.1007/978-3-031-76926-9 |
| 912 | _aZDB-2-ENG | ||
| 912 | _aZDB-2-SXE | ||
| 912 | _aZDB-2-SOB | ||
| 999 |
_c577831 _d577831 |
||